| 000 | 00596cam a22002173a 4500 | ||
|---|---|---|---|
| 001 | 44534 | ||
| 003 | PGUSA | ||
| 005 | 20140828084021.0 | ||
| 008 | 131228s2013||||xxu|||||s|||||000 | eng d | ||
| 040 |
_aPGUSA _beng |
||
| 042 | _adc | ||
| 100 | 1 |
_aAsh, Fenton, _d1840-1927 |
|
| 245 | 1 | 2 |
_aA Trip to Mars _h[electronic resource] / _cFenton Ash |
| 260 |
_bProject Gutenberg, _c2013 |
||
| 506 | _aPublic domain in the USA. | ||
| 516 | _aElectronic text | ||
| 700 | 1 | _aGroome, William H. C. | |
| 830 | 0 |
_aProject Gutenberg _v44534 |
|
| 856 | 4 | 0 | _uhttp://www.gutenberg.org/ebooks/44534 |
| 942 | _cEB | ||
| 999 |
_c273785 _d273785 |
||